<?xml version="1.0" encoding="UTF-8"?>
<collection xmlns="http://www.loc.gov/MARC21/slim">
    <record>
        <controlfield tag="001">10669</controlfield>
        <controlfield tag="005">20150325140202.0</controlfield>
        <datafield tag="037" ind1=" " ind2=" ">
            <subfield code="a">TAZ-PFC-2013-334</subfield>
        </datafield>
        <datafield tag="041" ind1=" " ind2=" ">
            <subfield code="a">spa</subfield>
        </datafield>
        <datafield tag="100" ind1="1" ind2=" ">
            <subfield code="a">Canalís Ariste, Saúl</subfield>
        </datafield>
        <datafield tag="245" ind1="0" ind2="0">
            <subfield code="a">Estudio de la inactivación de la escherichia coli en aguas mediante procesos de fotocatálisis</subfield>
        </datafield>
        <datafield tag="260" ind1=" " ind2=" ">
            <subfield code="a">Zaragoza</subfield>
            <subfield code="b">Universidad de Zaragoza</subfield>
            <subfield code="c">2013</subfield>
        </datafield>
        <datafield tag="506" ind1=" " ind2=" ">
            <subfield code="a">by-nc-sa</subfield>
            <subfield code="b">Creative Commons</subfield>
            <subfield code="c">3.0</subfield>
            <subfield code="u">http://creativecommons.org/licenses/by-nc-sa/3.0/</subfield>
        </datafield>
        <datafield tag="520" ind1=" " ind2=" ">
            <subfield code="a">Los agentes patógenos transmitidos por el agua constituyen un problema que exige un control mediante la implementación de medidas de protección ambiental  a fin de evitar el incremento de las enfermedades hídricas, (RD 140/2003). Según esta normativa, un agua se considera “apta para consumo humano” si no contiene ningún tipo de microorganismo o sustancia, en una cantidad o concentración que pueda suponer un peligro para la salud humana. Los PAOs se basan en procesos fisicoquímicos capaces de producir cambios profundos en la estructura química de los contaminantes. El concepto fue inicialmente establecido por Glaze (1987) y colaboradores, quienes definieron los PAOs como procesos que involucran la generación y uso de especies transitorias poderosas, principalmente el radical hidroxilo (HO-).  El objetivo principal de este trabajo es evaluar los procesos avanzados de oxidación (PAOs), en este caso la combinación de fotocatálisis con otros oxidantes: luz, luz/TiO2, luz/TiO2/H2O2; y el estudio cinético de inactivación de la bacteria Escherichia coli en los diferentes tratamientos de desinfección aplicados. Además de comparar estos resultados con los obtenidos por Lanao (2012) sobre la bacteria Enterococcus sp. El tratamiento más efectivo, en términos de desinfección, corresponde a aquel en el que se alcanzan valores de desinfección de 3.2 unidades logarítmicas como es el caso de la fotocatálisis.  Los mayoría de los resultados obtenidos se ajustan bien a los modelos cinéticos aplicados puesto que alcanzan el umbral mínimo de R2 aconsejable de 0.95 y valores de ECM cercanos a 0</subfield>
        </datafield>
        <datafield tag="521" ind1=" " ind2=" ">
            <subfield code="a">Ingeniero Técnico Industrial (Esp. Química Industrial)</subfield>
        </datafield>
        <datafield tag="540" ind1=" " ind2=" ">
            <subfield code="a">Derechos regulados por licencia Creative Commons</subfield>
        </datafield>
        <datafield tag="653" ind1="1" ind2=" ">
            <subfield code="a">escherirchia coli  </subfield>
        </datafield>
        <datafield tag="653" ind1="1" ind2=" ">
            <subfield code="a">fotocatalisis</subfield>
        </datafield>
        <datafield tag="700" ind1=" " ind2=" ">
            <subfield code="a">Rodriguez Chueca, Jorge Jesús</subfield>
            <subfield code="e">dir.</subfield>
        </datafield>
        <datafield tag="710" ind1="2" ind2=" ">
            <subfield code="a">Universidad de Zaragoza</subfield>
            <subfield code="b">Ingeniería Química y Tecnologías del Medio Ambiente</subfield>
            <subfield code="c">Tecnologías del Medio Ambiente</subfield>
        </datafield>
        <datafield tag="720" ind1="2" ind2=" ">
            <subfield code="a">Mosteo Abad, Rosa</subfield>
            <subfield code="e">ponente</subfield>
        </datafield>
        <datafield tag="856" ind1="0" ind2=" ">
            <subfield code="f">578832@celes.unizar.es</subfield>
        </datafield>
        <datafield tag="856" ind1="4" ind2=" ">
            <subfield code="s">1423153</subfield>
            <subfield code="u">http://zaguan.unizar.es/record/10669/files/TAZ-PFC-2013-334.pdf</subfield>
            <subfield code="y">Memoria (spa)</subfield>
        </datafield>
        <datafield tag="909" ind1="C" ind2="O">
            <subfield code="o">oai:zaguan.unizar.es:10669</subfield>
            <subfield code="p">driver</subfield>
            <subfield code="p">proyectos-fin-carrera</subfield>
        </datafield>
        <datafield tag="950" ind1=" " ind2=" ">
            <subfield code="a"></subfield>
        </datafield>
        <datafield tag="980" ind1=" " ind2=" ">
            <subfield code="a">TAZ</subfield>
            <subfield code="b">PFC</subfield>
            <subfield code="c">EINA</subfield>
        </datafield>
    </record>

    
</collection>